| 000 | 00364 a2200169 4500 | ||
|---|---|---|---|
| 001 | 163631 | ||
| 020 | _a978-85-02-07955-7 | ||
| 040 | _cMagnum | ||
| 100 | _aBraz, Julio Emilio | ||
| 240 | 1 | 0 |
_aA história de Lalo _lpor |
| 245 | 1 | 0 | _aA história de Lalo |
| 300 | _a139 | ||
| 362 | 0 | _a2009 | |
| 440 | 1 | _aSaraiva | |
| 697 | _aLITERATURA JUVENIL | ||
| 942 | _cBK | ||
| 999 |
_c163631 _d163631 |
||